| 000 | 00923cam a22003135a 4500 | ||
|---|---|---|---|
| 001 | 016152602 | ||
| 003 | OSt | ||
| 005 | 20161017130017.0 | ||
| 008 | 120815s2013 enka frbd 001 0 eng d | ||
| 020 | _a9781408276747 (pbk.) | ||
| 020 | _a1408276747 (pbk.) | ||
| 040 |
_aStDuBDS _beng _cStDuBDS _dUk _dEG-ScBUE |
||
| 082 | 0 | 4 |
_a306.44 _222 _bHOL |
| 100 | 1 |
_aHolmes, Janet, _d1947- |
|
| 245 | 1 | 3 |
_aAn introduction to sociolinguistics / _cJanet Holmes. |
| 250 | _a4th ed. | ||
| 260 |
_aHarlow : _bPearson Education Limited, _c2013. |
||
| 300 |
_axix, 489 p. : _bill. ; _c25 cm. |
||
| 490 | 0 | _aLearning about language. | |
| 500 | _aPrevious ed.: 2008. | ||
| 500 | _aIndex : p. 479-489. | ||
| 500 | _aGlossary : p. 477-478. | ||
| 504 | _aBibliography : p. 454-474. | ||
| 530 | _aAlso issued online. | ||
| 650 | 7 |
_aSociolinguistics. _2BUEsh _939810 |
|
| 651 | _2BUEsh | ||
| 653 |
_bEEENG _cOctober2016 |
||
| 942 | _2ddc | ||
| 999 |
_c22600 _d22572 |
||